Top 50 - Largest City in Each Country Beginning With 'E' or 'I' - Statistics

General Stats
  • This quiz has been taken 179 times
  • The average score is 14 of 50
Answer Stats
# Population Country Answer % Correct
1 16,100,000 Turkey Istanbul
98%
7 1,400,000 Canada Edmonton
86%
6 2,100,000 United States Indianapolis
83%
2 3,925,000 Nigeria Ibadan
79%
10 1,009,003 Pakistan Islamabad
77%
12 819,720 United Kingdom Edinburgh
76%
5 2,945,454 South Korea Incheon
75%
4 3,350,000 Iran Isfahan
75%
17 579,432 Germany Essen
71%
30 230,824 Austria Innsbruck
68%
3 3,525,000 India Indore
66%
24 298,795 Netherlands Eindhoven
52%
27 271,692 Romania Iași
44%
8 1,130,000 China Ezhou
33%
11 845,003 Malaysia Ipoh
32%
14 623,472 Russia Izhevsk
32%
28 240,021 Spain Elche
31%
25 295,644 South Africa East London
29%
9 1,020,000 Jordan Irbid
26%
21 430,700 Peru Iquitos
23%
26 294,949 Chile Iquique
20%
19 475,716 Kenya Eldoret
18%
16 604,198 Philippines Iloilo
18%
29 238,196 Ukraine Ivano-Frankivsk
17%
47 102,141 Mongolia Erdenet
16%
18 503,600 Colombia Ibagué
16%
43 115,220 Poland Elblag
15%
50 88,219 Greece Ioánnina
12%
32 212,992 Yemen Ibb
11%
22 345,126 Sudan El Obeid
10%
48 98,791 Syria Idlib
9%
36 186,525 Algeria El Oued
6%
31 215,800 Venezuela El Tigre
6%
20 452,090 Mexico Irapuato
6%
23 332,931 Japan Iwaki
6%
35 194,934 Morocco El Jadida
5%
15 621,953 Egypt El Mansoura
5%
13 698,843 Brazil Itajaí - Balneário Camboriú
5%
37 157,941 Ecuador Ibarra
4%
40 129,000 Kazakhstan Ekibastuz
2%
41 120,600 Honduras El Progreso
2%
38 156,313 Guatemala Escuintla
2%
39 147,524 DR Congo Isiro
2%
44 114,846 Somalia Erigabo
1%
45 111,244 Nicaragua Estelí
1%
42 117,700 Uganda Ibanda
1%
33 205,843 Tanzania Ifakara
1%
49 96,177 Indonesia Indramayu
1%
46 102,431 Bangladesh Ishwardi
1%
34 197,241 Nepal Itahari
1%
No matching quizzes found
Score Distribution
Percent of People with Each Score
Percentile by Number Answered
Your Score History
You have not taken this quiz